[Event "Krasnodar"]
[Site "Krasnodar"]
[Date "1998.??.??"]
[Round "2"]
[White "Poluljahov, Aleksandr"]
[Black "Iordachescu, Viorel"]
[Result "0-1"]
[WhiteElo "2505"]
[BlackElo "2520"]

1.d4 Nf6 2.c4 e6 3.Nf3 b6 4.Nc3 Bb7 5.a3 g6 6.Qc2 d5 7.cxd5 exd5 8.Bf4 a6
9.g3 Bg7 10.Bg2 O-O 11.O-O Nbd7 12.Rfd1 c5 13.dxc5 Nxc5 14.Be5 Rc8 15.Bh3 Ne6
16.Qb3 Re8 17.e4 Rc5 18.Bg2 Qa8 19.Bxf6 dxe4 20.Ne5 Bxf6 21.Nd7 Bd4 22.Rxd4 Nxd4
23.Qxb6 Nf3+ 24.Bxf3 Rc6 25.Qd4 exf3 26.Nd5 Qd8 27.Rd1 Ree6 28.Nc5 Rxc5  0-1

[Event "Ljubljana op"]
[Site "Ljubljana"]
[Date "1998.??.??"]
[Round "6"]
[White "Florjancic, Rudolf"]
[Black "Bratanov, Zsivko"]
[Result "0-1"]
[WhiteElo "2080"]
[BlackElo "2300"]

1.d4 Nf6 2.c4 e6 3.Nf3 b6 4.Nc3 Bb7 5.e3 Bb4 6.a3 Bxc3+ 7.bxc3 d6 8.Be2 O-O
9.O-O c5 10.Nd2 Nc6 11.f3 Rc8 12.Bd3 Ba6 13.Qe2 Re8 14.Bb2 d5 15.Rad1 Na5
16.cxd5 Bxd3 17.Qxd3 exd5 18.e4 dxe4 19.fxe4 Rc7 20.Qf3 Qa8 21.d5 c4 22.a4 Qd8
23.Ba3 Qd7 24.h3 Rcc8 25.Rde1 Nb3 26.Nb1 Re5 27.Re3 Rce8 28.Rfe1 h6 29.Kh2 Qc7
30.Kh1 a5 31.Kg1 Nc5 32.Bxc5 Qxc5 33.Kh1 Nxd5 34.R3e2 Nf6 35.Nd2 Qc6 36.Qe3 Qc7
37.Qd4 Nh5 38.Kg1 Rd8 39.Qxc4 Rc5 40.Qa2 Rxc3 41.e5 Rc2 42.Qb3 Rdxd2 43.Rxd2 Rxd2
44.e6 Rd8 45.exf7+ Qxf7 46.Qxb6 Qd5 47.Qc7 Rf8 48.Re5 Qd4+ 49.Kh2 Qf4+ 50.Kg1 Ng3
51.Qc5 Nf1 52.Qd5+ Kh8  0-1

[Event "EU-ch U18"]
[Site "Murek"]
[Date "1998.??.??"]
[Round "1"]
[White "Rufener, Markus"]
[Black "Lopez Martinez, Jose Manuel"]
[Result "0-1"]
[WhiteElo "2110"]
[BlackElo "2350"]

1.d4 Nf6 2.c4 e6 3.Nf3 b6 4.Nc3 Bb7 5.a3 d5 6.cxd5 Nxd5 7.Qc2 Be7 8.e4 Nxc3
9.bxc3 O-O 10.Bd3 c5 11.O-O Qc7 12.Qe2 Rd8 13.Bb2 Nc6 14.Rad1 Na5 15.Nd2 Nc6
16.Nf3 g6 17.Qe3 Na5 18.Ne5 c4 19.Bc2 f6 20.Ng4 Rf8 21.Qh3 Bc8 22.f4 f5 23.exf5 exf5
24.Ne5 Bb7 25.Rfe1 Bd5 26.Re3 Bf6 27.Qg3 Qg7 28.Rde1 Rfe8 29.Qf2 b5 30.h3 Nb7
31.g4 fxg4 32.hxg4 Rf8 33.Qh2 Nd6 34.Bc1 a5 35.Rg3 Ra6 36.f5 g5 37.Rge3 Rb6
38.Bd2 Ra6 39.Nf3 Rb6 40.Ne5 Ra6 41.Rh3 Re8 42.Re2 Re7 43.Rh5 b4 44.cxb4 Nb5
45.Nd7 Rxe2 46.Nxf6+ Rxf6 47.Qxe2 Nxd4 48.Qf2 Nf3+ 49.Kf1 Rf8 50.Bd1 Qa1
51.Qe2 Qf6 52.Qe3 Qa1 53.Ke2 axb4 54.axb4 Qb2 55.Rxg5+ Kh8 56.Qc3+ Nd4+ 57.Qxd4+  0-1

[Event "Nizhnij Tagil"]
[Site "Nizhnij Tagil"]
[Date "1998.??.??"]
[Round "5"]
[White "Neverov, Valeriy"]
[Black "Tosic, Miroslav"]
[Result "0-1"]
[WhiteElo "2540"]
[BlackElo "2505"]

1.d4 Nf6 2.c4 e6 3.Nf3 b6 4.Nc3 Bb7 5.a3 d5 6.Bg5 Be7 7.Qa4+ c6 8.Bxf6 Bxf6
9.cxd5 exd5 10.g3 O-O 11.Bg2 Nd7 12.O-O Re8 13.Rfd1 g6 14.e3 Bg7 15.Rac1 a5
16.Qb3 Rb8 17.Ne1 Ba8 18.Nd3 Nf8 19.Qc2 Ne6 20.b4 axb4 21.axb4 Bb7 22.b5 c5
23.dxc5 bxc5 24.Nxd5 Bxd5 25.Nxc5 Rc8 26.Rxd5 Qb6 27.Qe4 f5 28.Qc4 Bf8 29.Qa2 Rxc5
30.Rcxc5 Bxc5 31.Re5 Qd6 32.Qd5 Kg7 33.h4 Kf6 34.Qxd6 Bxd6 35.Rd5 Ke7 36.Rd1 Rb8
37.Bc6 Nd8 38.Ra1 Nxc6 39.bxc6 Rc8 40.Ra6 Ke6 41.Kg2 Kd5 42.Kf3 Rxc6 43.Ra5+ Ke6
44.Ra2 Be5 45.Ra7 Rc7 46.Ra6+ Bd6 47.Ra2 Rb7 48.Ke2 Bc5 49.Kf3 Ra7 50.Rb2 Bd6
51.Rc2 Be5 52.Rc6+ Kd5 53.Rc2 Ra3 54.Rd2+ Ke6 55.Kg2 Bc3 56.Rd8 Ra2 57.Kf1 Bf6
58.Rd3 Be7 59.Rb3 Bc5 60.Rb7 Ra7 61.Rb8 Kd5 62.Kg2 Ra2 63.Re8 Bb4 64.Kf1 Rb2
65.Rd8+ Ke4 66.Rd4+ Ke5 67.Rd7 h6 68.Rd8 g5 69.hxg5 hxg5 70.Re8+ Kf6 71.Rb8 Kg6
72.Rb5 Bc3 73.Rc5 Bf6 74.Kg2 Be7 75.Rd5 Kf6 76.Kf1 Ke6 77.Ra5 Rc2 78.Rb5 Bc5
79.Rb8 Kd5 80.Re8 Bd6 81.Kg2 Bb4 82.Kf1 Rb2 83.Rg8 Be7 84.Kg2 g4 85.Rc8 Bc5
86.Rd8+ Bd6 87.Rd7 Rd2 88.Ra7 Rc2 89.Ra4 Bc5 90.Kf1 Rc4 91.Ra6 Bb4 92.Rf6 Ke4
93.Kg2 Rc2 94.Kf1 Bc3 95.Rf7 Be5  0-1

[Event "RUS-Cup"]
[Site "Omsk/Perm"]
[Date "1998.??.??"]
[Round "2"]
[White "Rashkovsky, Nukhim N"]
[Black "Ovod, Evgenija"]
[Result "1-0"]
[WhiteElo "2505"]
[BlackElo "2375"]

1.d4 Nf6 2.c4 e6 3.Nf3 b6 4.Nc3 Bb7 5.Bg5 Bb4 6.Nd2 h6 7.Bh4 c5 8.a3 Bxc3
9.bxc3 d6 10.f3 Nc6 11.Nb3 g5 12.Bf2 e5 13.e4 Qd7 14.a4 a5 15.Bd3 O-O-O 16.Rb1 exd4
17.cxd4 Nb4 18.O-O Qxa4 19.e5 dxe5 20.Bf5+ Kb8 21.Qe2 exd4 22.Qe5+ Ka7 23.Qxf6 Qc6
24.Qxc6 Bxc6 25.Be4 Bd7 26.Nxd4 cxd4 27.Rxb4 f5 28.Bxd4 fxe4 29.Bxb6+ Ka6
30.Ra1 a4 31.Bxd8 Rxd8 32.Rd1 exf3 33.gxf3 Ka5 34.Rb2 a3 35.Rbd2 Kb4 36.Rxd7 Ra8
37.Rb7+ Kxc4 38.Rc1+ Kd3 39.Rb3+ Ke2 40.Rc2+  1-0

[Event "RUS-Cup"]
[Site "Omsk/Perm"]
[Date "1998.??.??"]
[Round "7"]
[White "Fakhretdinov, Robert"]
[Black "Vshivkov, Konstantin"]
[Result "0-1"]
[WhiteElo "2395"]
[BlackElo "2285"]

1.d4 Nf6 2.Nf3 e6 3.c4 b6 4.Nc3 Bb7 5.Bg5 Be7 6.e3 Ne4 7.Nxe4 Bxe4 8.Bf4 O-O
9.Bd3 f5 10.h4 Bb4+ 11.Ke2 Be7 12.Bxe4 fxe4 13.Ng5 h6 14.Nxe4 d5 15.cxd5 exd5
16.Qb3 Rxf4 17.exf4 Nc6 18.Qc3 Qe8 19.Rhc1 Na5 20.f3 Bxh4 21.Qd3 dxe4 22.fxe4 Qh5+
23.Kf1 Rf8 24.f5 Bg5 25.Rd1 Qh1+ 26.Kf2 Bh4+ 27.Kf3 Qh2 28.Qf1 Re8 29.e5 c5
30.e6 cxd4 31.Rxd4 Qg3+ 32.Ke2 Qe5+ 33.Kd3 Bf6  0-1

[Event "HUN-ch op"]
[Site "Pecs"]
[Date "1998.??.??"]
[Round "8"]
[White "Kincs, Imre"]
[Black "Csiszar, Zoltan"]
[Result "1/2-1/2"]
[WhiteElo "2240"]
[BlackElo "2175"]

1.d4 Nf6 2.c4 e6 3.Nf3 b6 4.Nc3 Bb4 5.Qc2 O-O 6.e3 c5 7.dxc5 Bxc5 8.Bd3 Bb7
9.a3 a6 10.b3 Be7 11.Bb2 d6 12.Ng5 h6 13.h4 Nbd7 14.f3 Rc8 15.O-O-O Bc6 16.Kb1 b5
17.cxb5 Bxb5 18.Bxb5 axb5 19.b4 Qb6 20.Nge4 d5 21.Nxf6+ Bxf6 22.Qd3 Rc4 23.f4 Rfc8
24.Rc1 Qc6 25.Ne2 Bxb2 26.Kxb2 Nb6 27.Nd4 Na4+ 28.Ka2 Qb6 29.Rxc4 Rxc4 30.g4 Nc3+
31.Kb2 Na4+ 32.Ka2  1/2-1/2

[Event "Plzen opJ"]
[Site "Plzen"]
[Date "1998.??.??"]
[Round "3"]
[White "Kolar, Jelena"]
[Black "Solodovnichenko, Yuri"]
[Result "0-1"]
[WhiteElo "2085"]
[BlackElo "2415"]

1.d4 Nf6 2.Nf3 e6 3.c4 b6 4.Nc3 Bb4 5.Bg5 Bb7 6.e3 Bxc3+ 7.bxc3 d6 8.Bd3 Nbd7
9.Qc2 Qe7 10.O-O h6 11.Bh4 g5 12.Bg3 Rg8 13.c5 h5 14.cxd6 cxd6 15.h3 h4 16.Bh2 g4
17.Nxh4 gxh3 18.Bg3 Nh5 19.Kh2 Qg5 20.Nf3 Qg4 21.Bb5 Nxg3 22.Bxd7+ Kxd7 23.fxg3 Qxg3+
24.Kg1 Bxf3 25.Qa4+ Ke7  0-1

[Event "Ptuj"]
[Site "Ptuj"]
[Date "1998.??.??"]
[Round "?"]
[White "Mikhalchishin, Adrian"]
[Black "Brglez, Rado"]
[Result "1/2-1/2"]
[WhiteElo "2530"]
[BlackElo "2260"]

1.d4 Nf6 2.c4 e6 3.Nf3 b6 4.Nc3 Bb7 5.a3 d5 6.cxd5 Nxd5 7.Bd2 Be7 8.Qc2 Nd7
9.e4 Nxc3 10.Bxc3 O-O 11.Rd1 Qc8 12.Bd3 Rd8 13.O-O Nf8 14.Qe2 Bf6 15.Rc1 Qd7
16.Rfd1 c6 17.h4 Rac8 18.h5 h6 19.b4 Qe8 20.g3 Nd7 21.e5 Be7 22.Be4 Rc7 23.Nd2 Rdc8
24.Nc4 Nf8 25.Ne3 c5 26.Bxb7 Rxb7 27.Qa6 Rd7 28.bxc5 bxc5 29.Bb4 Rdc7 30.dxc5  1/2-1/2

[Event "Regensburg op"]
[Site "Regensburg"]
[Date "1998.??.??"]
[Round "6"]
[White "Kuraszkiewicz, Michael"]
[Black "Wells, Peter K"]
[Result "1/2-1/2"]
[WhiteElo "2320"]
[BlackElo "2530"]

1.d4 Nf6 2.c4 e6 3.Nf3 b6 4.Nc3 Bb7 5.a3 d5 6.Qc2 c5 7.cxd5 cxd4 8.Qa4+ Nbd7
9.dxe6 dxc3 10.exd7+ Qxd7 11.Qxd7+ Nxd7 12.bxc3 Rc8 13.e3 g6 14.Bb5 Bg7 15.Bd2 Ke7
16.Bxd7 Kxd7 17.O-O Bxf3 18.gxf3 Rhd8 19.Rfc1 Ke6 20.Be1 Rc4 21.a4 Rd5 22.Ra3 Rg5+
23.Kf1 Rh5 24.Kg2 Rch4 25.Rb1 Rxh2+ 26.Kf1 Bf8 27.Raa1 Rg5 28.Ke2 h5 29.f4 Rg1
30.a5 Bc5 31.axb6 axb6 32.Bd2 Rgg2 33.Rf1 f6 34.Ra7 g5 35.fxg5 fxg5 36.Be1 g4
37.Kd3 Rh3 38.Rh7 Kf5 39.c4 Kg6 40.Rh8 Rf3 41.Rh1 Rh3 42.Rf1 Rf3 43.Rh1 Rh3
44.Rf1 Rf3  1/2-1/2

[Event "Sao Bernardo tt"]
[Site "Sao Bernardo"]
[Date "1998.??.??"]
[Round "3"]
[White "Hoffman, Alejandro"]
[Black "Milos, Gilberto"]
[Result "0-1"]
[WhiteElo "2510"]
[BlackElo "2555"]

1.d4 Nf6 2.c4 e6 3.Nf3 b6 4.Nc3 Bb4 5.e3 Bb7 6.Bd3 Ne4 7.O-O Bxc3 8.bxc3 O-O
9.Ne1 f5 10.f3 Ng5 11.a4 Nc6 12.c5 e5 13.a5 Kh8 14.a6 Bc8 15.Ba3 bxc5 16.Bxc5 d6
17.Ba3 Rb8 18.Rb1 e4 19.fxe4 Nxe4 20.Bb2 Qe7 21.Nf3 Rb6 22.Qe2 Nb8 23.Ra1 Nd7
24.Ra5 c5 25.Ba1 Ndf6 26.c4 Kg8 27.g3 Rxa6 28.Rxa6 Bxa6 29.Nh4 g6 30.d5 Ng4
31.Ng2 Ng5 32.Qb2 Ne5 33.Be2 Bxc4 34.Bxc4 Nxc4 35.Qh8+ Kf7 36.Qg7+ Ke8 37.Rb1 Qxg7
38.Bxg7 Rf7 39.Bh6 Nh3+ 40.Kh1 Nb6 41.Rf1 Nxd5 42.Ne1 Nf6  0-1

[Event "ROM-chT"]
[Site "Sovata"]
[Date "1998.??.??"]
[Round "1"]
[White "Litinskaya, Marta I"]
[Black "Zatonskih, Anna"]
[Result "1-0"]
[WhiteElo "2340"]
[BlackElo "2340"]

1.d4 Nf6 2.c4 e6 3.Nf3 b6 4.Nc3 Bb4 5.Qb3 c5 6.g3 Nc6 7.dxc5 bxc5 8.Bg2 Ba6
9.O-O O-O 10.Na4 d5 11.a3 Bxc4 12.Qc2 Ba5 13.b3 Bb5 14.Nxc5 Rc8 15.Bb2 Bb6
16.b4 Re8 17.Rfd1 h6 18.Rac1 a5 19.Bxf6 Qxf6 20.Nd7 Qd8 21.Nxb6 Qxb6 22.a4 Bc4
23.b5 Nb4 24.Qb2 f6 25.Bh3 Rc7 26.Nd4 e5 27.Nf5 d4 28.Rxc4 Rxc4 29.Qb3 Kh7
30.Qxc4 g6 31.Qf7+  1-0

[Event "ROM-chT"]
[Site "Sovata"]
[Date "1998.??.??"]
[Round "1"]
[White "Varga, Zoltan"]
[Black "Horvath, Csaba"]
[Result "1/2-1/2"]
[WhiteElo "2520"]
[BlackElo "2535"]

1.d4 Nf6 2.Nf3 e6 3.c4 b6 4.Nc3 Bb7 5.a3 d5 6.cxd5 Nxd5 7.Qc2 Nxc3 8.Qxc3 Nd7
9.Bg5 Be7 10.Bxe7 Kxe7 11.g3 Nf6 12.Bg2 Qd6 13.O-O Rhc8 14.b4 c5 15.dxc5 bxc5
16.Rfd1 cxb4 17.Qxb4 Qxb4 18.axb4 Rc7 19.b5 Nd5 20.Nd4 Nc3 21.Bxb7 Rxb7 22.Rdc1 Nxb5
23.Nxb5 Rxb5 24.Rc7+ Kf6 25.Raxa7 Rxa7 26.Rxa7 g5  1/2-1/2

[Event "Petrov mem"]
[Site "St Petersburg"]
[Date "1998.??.??"]
[Round "4"]
[White "Ionov, Sergey"]
[Black "Gerchikov, Alexandr"]
[Result "1-0"]
[WhiteElo "2530"]
[BlackElo "2310"]

1.d4 Nf6 2.c4 e6 3.Nf3 b6 4.Nc3 Bb4 5.Bg5 Bb7 6.e3 h6 7.Bh4 g5 8.Bg3 Ne4
9.Qc2 Bxc3+ 10.bxc3 Nxg3 11.fxg3 g4 12.Nh4 Qg5 13.Qd2 Nc6 14.Bd3 f5 15.O-O Ne7
16.a4 O-O 17.a5 d5 18.Rfe1 Kg7 19.Re2 Rfd8 20.Qc2 c5 21.a6 Bc6 22.Qb2 dxc4
23.Bxc4 Rd6 24.Bd3 Rad8 25.Rae1 Qf6 26.Bb1 h5 27.Rf2 Qg5 28.e4 Bxe4 29.Bxe4 fxe4
30.Rxe4 cxd4 31.cxd4 Nd5 32.h3 Rc6 33.Kh2 Rf8 34.Re5 Qh6 35.hxg4 hxg4 36.Rxf8 Kxf8
37.Qe2 Ke7 38.Rxd5  1-0

[Event "Petrov mem"]
[Site "St Petersburg"]
[Date "1998.??.??"]
[Round "5"]
[White "Zakharevich, Igor"]
[Black "Aseev, Konstantin N"]
[Result "1-0"]
[WhiteElo "2530"]
[BlackElo "2565"]

1.d4 Nf6 2.c4 e6 3.Nf3 b6 4.Nc3 Bb4 5.Bg5 Bb7 6.e3 Bxc3+ 7.bxc3 d6 8.Nd2 Qe7
9.f3 e5 10.e4 Nc6 11.Nb3 Nd8 12.Bh4 Ne6 13.c5 exd4 14.cxd6 Qxd6 15.Bg3 Qe7
16.Nxd4 O-O-O 17.Qd2 Bxe4 18.fxe4 Nxd4 19.Ba6+ Kb8 20.cxd4 Nxe4 21.Qe3 Qb4+
22.Kf1 Rxd4 23.Rc1 Nxg3+ 24.hxg3 Qa4 25.Kg1 Rhd8 26.Be2 Re8 27.Qc3 c5 28.Bf3 h6
29.Rh5 Qb4 30.Qxb4 Rxb4 31.Rd1 Kc7 32.Rhd5 Re7 33.Rd6 Re1+ 34.Rxe1 Kxd6 35.Rd1+ Kc7
36.Rd2 b5 37.Kf2 f6 38.Ke3 a6 39.Rd5 c4 40.Kd4 Ra4 41.Kc5 c3 42.Rd1 c2 43.Rc1 Rxa2
44.Be4 Ra3 45.Rxc2 Rxg3 46.Bd5 Kd7 47.Ra2 Rc3+ 48.Kd4 Rc7 49.Rxa6 Ke7 50.Rb6 Rd7
51.Rxb5 g6 52.Rb6 h5 53.Re6+ Kf8 54.Rxf6+ Kg7 55.Re6 Kh6 56.Ke5 Kg5 57.Be4 Rg7
58.Kd4 Rg8 59.Ke3 Rg7 60.Kf3 Rf7+ 61.Kg3 Rg7 62.Re5+ Kh6 63.Kh4 Rf7 64.Kg3 Rf6
65.Bd5 Rd6 66.Kf4 Rf6+ 67.Ke3 Rd6 68.Be4 Rf6 69.Rc5 Rf7 70.Rc6 Rg7 71.Kf4 Rg8
72.Re6 Rg7 73.Ra6 Rg8 74.Ra8  1-0

[Event "SVK-chT1W 9798"]
[Site "SVK"]
[Date "1998.??.??"]
[Round "?"]
[White "Dorica, I."]
[Black "Mokos, Jozef"]
[Result "1/2-1/2"]
[WhiteElo "2280"]
[BlackElo "2260"]

1.d4 Nf6 2.c4 e6 3.Nf3 b6 4.Nc3 Bb4 5.Qb3 c5 6.a3 Ba5 7.Bd2 O-O 8.e3 d5 9.Be2 cxd4
10.exd4 dxc4 11.Bxc4 Bb7 12.Be2 Nc6 13.Qc4 Rc8 14.Qd3 Bxc3 15.Bxc3 Nd5 16.Bd2 Qd6
17.g3 Rfd8 18.O-O Nde7 19.Bc3 Nf5 20.Rad1 Qd5 21.h3 Nce7 22.Kh2 Qe4 23.Qxe4 Bxe4
24.Ne5 Bb7 25.Bd3 f6 26.Ng4 Bf3 27.Rd2 Kf7 28.Ne3 Nd6 29.Re1 h5 30.Ba6 Bb7
31.Be2 Ne4 32.Rc2 g6 33.f3 Nd6 34.Kg2 Nef5 35.Nxf5 Nxf5 36.Rd2 Rd6 37.g4 hxg4
38.hxg4 Nh4+ 39.Kg3 g5 40.Rg1 Ng6 41.Bd3 Nh4 42.Rf2 Rcd8 43.Re1 Rc8 44.Bc2 Bd5
45.Ref1 Bc4 46.Rh1 Rh8 47.Rhh2 Rdd8  1/2-1/2

[Event "SVK-chT 9899"]
[Site "SVK"]
[Date "1998.??.??"]
[Round "1"]
[White "Krivoshey, Sergei"]
[Black "Polak, Tomas"]
[Result "1/2-1/2"]
[WhiteElo "2460"]
[BlackElo "2525"]

1.Nf3 Nf6 2.c4 e6 3.d4 b6 4.Nc3 Bb4 5.Qc2 Bb7 6.a3 Bxc3+ 7.Qxc3 O-O 8.Bg5 d6
9.Nd2 Nbd7 10.f3 h6 11.Bh4 c5 12.e3 Rc8 13.Qb3 cxd4 14.exd4 e5 15.d5 Nc5
16.Qd1 b5 17.Be2 g5 18.Bf2 bxc4 19.Nxc4 Bxd5 20.O-O Qe7 21.Rc1 Rfd8 22.Re1 Ne6
23.Ne3 Rxc1 24.Nxd5 Nxd5 25.Qxc1 Qb7 26.Qd2 Ne7 27.Bf1 Nf5 28.Bd3  1/2-1/2

[Event "SVK-chT 9798"]
[Site "SVK"]
[Date "1998.??.??"]
[Round "7"]
[White "Dobrotka, Martin"]
[Black "Vojtek, Vladimir"]
[Result "1/2-1/2"]
[WhiteElo "2235"]
[BlackElo "2315"]

1.d4 Nf6 2.c4 e6 3.Nf3 b6 4.Nc3 Bb4 5.Qd3 Ba6 6.a3 Be7 7.b3 d5 8.e4 c5 9.exd5 exd5
10.dxc5 Nbd7 11.Nxd5 Nxc5 12.Nxf6+ Bxf6 13.Qe3+ Ne6 14.Rb1 O-O 15.Be2 Re8
16.Qd2 Nc5 17.Qxd8 Raxd8 18.Be3 Bb7 19.O-O Be4 20.Rbd1 Nxb3 21.Rxd8 Rxd8
22.Rd1 Kf8 23.Rxd8+ Bxd8 24.Bd1 Nc5 25.Ne5 Ke7 26.f3 Bb7 27.Bc2 Ke6 28.Nd3 Nxd3
29.Bxd3 Be7 30.a4 f5 31.Kf2 g6 32.Ke2 Bc6 33.a5 bxa5 34.Bxa7 a4 35.Kd2 h5
36.Bb1 g5 37.h3 g4 38.hxg4 hxg4 39.fxg4 fxg4 40.g3 Bd6 41.Bf2 a3 42.Ba2 Kf5
43.Ke2 Bf3+ 44.Kd2 Bc6 45.Ke2 Be5 46.Ke3 Bb2 47.Be1 Ke5 48.Ba5 Bd4+ 49.Kd3 Be4+
50.Ke2 Bb2 51.Bd8 Bf5 52.Bb6 Bg6 53.Bc5 Bc2 54.Kd2 Be4 55.Ke2 Bf5 56.Kd2 Ke6
57.Bb4  1/2-1/2

[Event "SVK-chT1E 9798"]
[Site "SVK"]
[Date "1998.??.??"]
[Round "8"]
[White "Lisko, Frantisek"]
[Black "Szamos, Alexander"]
[Result "1-0"]
[WhiteElo "2315"]
[BlackElo "2170"]

1.d4 Nf6 2.c4 e6 3.Nf3 b6 4.Nc3 Bb7 5.Bg5 d5 6.e3 Be7 7.cxd5 exd5 8.Bb5+ c6
9.Bd3 O-O 10.O-O Nbd7 11.Rc1 h6 12.Bh4 Re8 13.h3 Nf8 14.Ne5 Bd6 15.Qe2 Ne6
16.Bg3 a6 17.f4 c5 18.Bf5 cxd4 19.Bxe6 Rxe6 20.exd4 b5 21.Kh1 b4 22.Na4 Ne4
23.Be1 f6 24.Qg4 Qe8 25.Nd3 a5 26.Nac5 Bxc5 27.dxc5 Rc8 28.Bh4 Rec6 29.f5 Qf7
30.a3 bxa3 31.bxa3 Nxc5 32.Nxc5 Rxc5 33.Rxc5 Rxc5 34.Rb1 d4 35.Bf2 Qd5 36.Re1 Bc6
37.Re7 Rc1+ 38.Be1 Qxg2+ 39.Qxg2 Bxg2+ 40.Kxg2 Ra1 41.Bxa5 Rxa3 42.Be1 Rb3
43.Re4 Rb5 44.Rf4 Re5 45.Bd2 Kf7 46.Kg3 d3 47.Rf3 Rd5 48.Kf4 g6 49.fxg6+ Kxg6
50.Ke4 Re5+ 51.Kxd3 Rd5+ 52.Ke2 f5 53.Rd3 Re5+ 54.Re3 Rb5 55.Re6+ Kg7 56.Bxh6+ Kf7
57.Re3 Rb4 58.Rf3  1-0

[Event "ROM-chT"]
[Site "Timisu de Sus"]
[Date "1998.??.??"]
[Round "1"]
[White "Atalik, Suat"]
[Black "Marin, Mihail"]
[Result "1/2-1/2"]
[WhiteElo "2585"]
[BlackElo "2530"]

1.d4 Nf6 2.c4 e6 3.Nf3 b6 4.Nc3 Bb4 5.Bg5 Bb7 6.e3 h6 7.Bh4 g5 8.Bg3 Ne4
9.Nd2 Nxg3 10.hxg3 Bxc3 11.bxc3 Nc6 12.f4 Qe7 13.Be2 O-O-O 14.c5 Rdg8 15.Bf3 h5
16.Nb3 f5 17.Qd2 h4  1/2-1/2

[Event "Trinec op9798"]
[Site "Trinec"]
[Date "1998.??.??"]
[Round "?"]
[White "Bakalarz, Grazyna"]
[Black "Henc, Renata"]
[Result "0-1"]
[WhiteElo "2115"]
[BlackElo "2135"]

1.d4 Nf6 2.c4 e6 3.Nf3 b6 4.Nc3 Bb4 5.Qc2 Bb7 6.a3 Bxc3+ 7.Qxc3 Ne4 8.Qc2 O-O
9.g3 f5 10.Bg2 c5 11.O-O Nc6 12.e3 Rc8 13.dxc5 bxc5 14.b3 Na5 15.Rd1 d5 16.Rb1 Qb6
17.Ne5 Rfd8 18.Bd2 d4 19.exd4 cxd4 20.Nd3 h6 21.Bb4 Nc6 22.Re1 a5 23.Bd2 Ne7
24.b4 Qa7 25.c5 Nd5 26.Ra1 Ndf6 27.Bf4 Bd5 28.f3 Nc3 29.Be5 Qb7 30.Bxd4 Nb5
31.Bxf6 gxf6 32.Re3 Nd4 33.Qf2 Qa6 34.Rc1 Nb3 35.Rce1 Bc4 36.Rf1 e5  0-1

[Event "Wattens op 13th"]
[Site "Wattens"]
[Date "1998.??.??"]
[Round "1"]
[White "Pirchner, Hans"]
[Black "Veselovsky, Sergey"]
[Result "0-1"]
[WhiteElo "1735"]
[BlackElo "2425"]

1.d4 Nf6 2.Nf3 e6 3.c4 b6 4.Nc3 Bb4 5.a3 Bxc3+ 6.bxc3 Ba6 7.Nd2 O-O 8.e4 d6
9.Be2 e5 10.Qc2 Nc6 11.Bb2 Re8 12.O-O Na5 13.Rae1 Nd7 14.f4 Rc8 15.Qd3 c5
16.fxe5 dxe5 17.Qf3 Re7 18.d5 Nf6 19.g4 Ne8 20.Bc1 Nd6 21.Qg3 Naxc4 22.Nxc4 Bxc4
23.Bxc4 Nxc4 24.Rf5 Qe8 25.Rh5 f6 26.Qh3 Qg6 27.Kh1 Rf8 28.g5 f5 29.exf5 Rxf5
30.Rg1 Rf2 31.Qg4 Nd6 32.Rh4 Qf5 33.g6 hxg6 34.Be3 Qf3+ 35.Qxf3 Rxf3 36.Bg5 Ref7
37.Rhg4 Rf1 38.Bh4 Rxg1+ 39.Kxg1 Kh7 40.Bg3 Re7 41.Rg5 Nc4 42.d6 Nxd6 43.Rxe5 Rxe5
44.Bxe5 Nc4  0-1

[Event "Wattens op 13th"]
[Site "Wattens"]
[Date "1998.??.??"]
[Round "5"]
[White "Niedermayer, Anton"]
[Black "Mikulic, Oliver"]
[Result "0-1"]
[WhiteElo "2160"]
[BlackElo "1835"]

1.c4 e6 2.Nc3 Nf6 3.d4 b6 4.Nf3 Bb7 5.Bg5 Be7 6.Bxf6 Bxf6 7.e4 d6 8.Be2 Nd7
9.O-O O-O 10.Qd2 Re8 11.Rad1 Nf8 12.h3 Ng6 13.g3 e5 14.d5 Bc8 15.Kg2 Be7
16.Bd3 Rf8 17.Ng1 Bg5 18.Qe2 Bd7 19.Qh5 Qe7 20.Nce2 Bh6 21.f4 exf4 22.Nxf4 Bxf4
23.gxf4 f5 24.Rde1 Qf6 25.exf5 Bxf5 26.Bxf5 Nh4+ 27.Kh2 Nxf5 28.Rf2 g6 29.Qf3 Rae8
30.Re4 Kf7 31.Rfe2 Nd4 32.Rxd4 Qxd4  0-1

[Event "POL-chT2"]
[Site "Wisla"]
[Date "1998.??.??"]
[Round "?"]
[White "Perdek, Miroslaw"]
[Black "Pazdzior, Jaroslaw"]
[Result "1-0"]
[WhiteElo "2315"]
[BlackElo "2155"]

1.d4 Nf6 2.Nf3 e6 3.c4 b6 4.Nc3 Bb7 5.a3 Be7 6.d5 d6 7.e4 O-O 8.Be2 h6 9.O-O Ne8
10.Be3 c5 11.Qd2 Na6 12.Rad1 Nac7 13.dxe6 fxe6 14.Qc2 Qc8 15.e5 Rf5 16.exd6 Nxd6
17.Nh4 Bxh4 18.Rxd6 Ne8 19.Rdd1 Qc6 20.f3 Bd8 21.Bd3 Rf7 22.Nb5 Be7 23.Nd6 Bxd6
24.Be4 Qc7 25.Bxb7 Bxh2+ 26.Kh1 Bg3 27.Qg6 Rb8 28.Be4  1-0

[Event "POL-chT2"]
[Site "Wisla"]
[Date "1998.??.??"]
[Round "?"]
[White "Radzikowska, Krystyna"]
[Black "Szczygiel, Agnieszka"]
[Result "1/2-1/2"]
[WhiteElo "2020"]
[BlackElo "2090"]

1.d4 Nf6 2.c4 e6 3.Nf3 b6 4.Nc3 Bb7 5.e3 d5 6.cxd5 exd5 7.Bb5+ c6 8.Bd3 Nbd7
9.O-O Bd6 10.Qc2 O-O 11.e4 dxe4 12.Nxe4 Nxe4 13.Bxe4 Nf6 14.Bg5 h6 15.Bh4 g5
16.Bg3 Nxe4 17.Qxe4 Bxg3 18.fxg3 Qe8 19.Qxe8 Raxe8 20.Rfe1 f6 21.Kf2 Kf7
22.Rad1 Rxe1 23.Rxe1 Re8 24.g4 Bc8 25.h3 Be6 26.a3 Bd5 27.Nd2 Be6 28.Nf3 Rh8
29.Nd2 h5 30.gxh5 Rxh5 31.Nf1 Rh4 32.Rd1 Bb3 33.Rd2 Rf4+ 34.Kg1 Ke6 35.Ne3 Re4
36.Kf2 f5 37.Rd3 Bd5 38.Rd2 Rh4 39.Rd3 Rh8 40.Rd2 Be4 41.Nd1 Rh7 42.Nc3 Rh4
43.Re2 Kd6 44.Rd2 Bd5 45.Nd1 Be4 46.Nc3 Bd5 47.Nd1 Be4  1/2-1/2

[Event "POL-chT2"]
[Site "Wisla"]
[Date "1998.??.??"]
[Round "?"]
[White "Rusak, Dorota"]
[Black "Szczygiel, Agnieszka"]
[Result "1/2-1/2"]
[WhiteElo "2065"]
[BlackElo "2090"]

1.d4 Nf6 2.c4 e6 3.Nf3 b6 4.Nc3 Bb7 5.Bf4 d5 6.e3 a6 7.Rc1 Bd6 8.Bxd6 Qxd6
9.Qb3 dxc4 10.Bxc4 Nbd7 11.Be2 O-O 12.O-O e5 13.dxe5 Nxe5 14.Rfd1 Qe7 15.Nxe5 Qxe5
16.Qc4 Rfd8  1/2-1/2

[Event "Ardid mem 10th op"]
[Site "Zaragoza"]
[Date "1998.??.??"]
[Round "9"]
[White "Baron Rodriguez, Jorge"]
[Black "Pogorelov, Ruslan"]
[Result "1-0"]
[WhiteElo "2225"]
[BlackElo "2465"]

1.d4 Nf6 2.c4 e6 3.Nf3 b6 4.Nc3 Bb4 5.Bg5 h6 6.Bh4 Bb7 7.e3 Bxc3+ 8.bxc3 d6
9.Nd2 g5 10.Bg3 Qe7 11.f3 Nc6 12.Bd3 O-O-O 13.Qe2 Nh5 14.Bf2 f5 15.Nb3 Ng7
16.c5 dxc5 17.O-O e5 18.dxc5 e4 19.fxe4 fxe4 20.Bb5 Ne5 21.cxb6 axb6 22.a4 c6
23.Ba6 Nd3 24.Bxb7+ Kxb7 25.a5 b5 26.Bg3 Rhf8 27.Nd4 Qd7 28.Qa2 Ka8 29.Rxf8 Rxf8
30.Rf1 Rxf1+ 31.Kxf1 Qe8 32.Kg1 Ka7 33.Bc7 Ka6 34.c4 Qd7 35.cxb5+ cxb5 36.Qg8 Qxc7
37.Qa8+ Qa7 38.Qc6+ Kxa5 39.Qxb5+  1-0

[Event "Bad Zwesten op"]
[Site "Bad Zwesten"]
[Date "1999.01.03"]
[Round "3"]
[White "Nill, Jessica"]
[Black "Kersten, Uwe"]
[Result "1/2-1/2"]
[WhiteElo "2154"]
[BlackElo "2383"]

1.d4 Nf6 2.c4 e6 3.Nf3 b6 4.Nc3 Bb4 5.Bg5 Bb7 6.e3 h6 7.Bf4 Bxc3+ 8.bxc3 Nh5
9.Bg3 Nxg3 10.hxg3 d6 11.Bd3 Qe7 12.Qc2 Nc6 13.Qa4 O-O-O 14.Be4 Na5 15.Bxb7+ Kxb7
16.Rb1 Ka8 17.O-O Qe8 18.Qb5 Rc8 19.Qa6 Qc6 20.c5 f6 21.Rb2 dxc5 22.Rfb1 Rb8
23.Rb5 Qd7 24.dxc5 Qc8 25.Qxc8 Rbxc8 26.Nd4 Rhe8 27.Nb3 Nc6 28.cxb6 cxb6
29.c4 Ne5 30.c5 Nc4 31.cxb6 axb6 32.Rb4 Ka7 33.Ra4+ Kb8  1/2-1/2

[Event "Basel Hilton op"]
[Site "Basel"]
[Date "1999.01.04"]
[Round "6"]
[White "Barbero, Gerardo F"]
[Black "Cvitan, Ognjen"]
[Result "0-1"]
[WhiteElo "2415"]
[BlackElo "2525"]

1.d4 Nf6 2.c4 e6 3.Nf3 b6 4.Nc3 Bb7 5.a3 d5 6.cxd5 Nxd5 7.Qc2 Nxc3 8.Qxc3 Be7
9.Bf4 c6 10.e4 O-O 11.Rd1 Nd7 12.Bd3 c5 13.d5 exd5 14.exd5 Bf6 15.Qc2 Re8+
16.Kf1 g6 17.Bb5 a6 18.Bc6 Qc8 19.Bxb7 Qxb7 20.h4 Rad8 21.Bg5 Bxg5 22.hxg5 Ne5
23.Qe4 Nxf3 24.Qxf3 Re5 25.Rh4 Rexd5 26.Rc1 Qe7 27.g3 Qxg5 28.Rcc4 Qd2 29.Kg2 Rf5
30.Rhf4 Qxb2 31.g4 Rxf4 32.Rxf4 Rd7 33.Qa8+ Kg7 34.Qe8 Rc7 35.Qd8 Qe5 36.Rf3 Qe7
37.Qa8 a5 38.Qb8 Rc6 39.Rd3 Qe4+  0-1

[Event "Rilton Cup 9899"]
[Site "Stockholm"]
[Date "1999.01.06"]
[Round "9"]
[White "Yakovich, Yuri"]
[Black "Akesson, Ralf"]
[Result "1-0"]
[WhiteElo "2560"]
[BlackElo "2510"]

1.d4 Nf6 2.c4 e6 3.Nf3 b6 4.Nc3 Bb7 5.a3 d5 6.cxd5 Nxd5 7.Qc2 Nxc3 8.bxc3 Be7
9.e4 c5 10.Bb5+ Bc6 11.Bd3 Nd7 12.O-O h6 13.Rd1 Qc7 14.d5 exd5 15.exd5 Bxd5
16.Bb5 a6 17.Bf4 Qxf4 18.Bxd7+ Kxd7 19.Rxd5+ Kc7 20.Re1 Bd6 21.Rf5 Qc4 22.Re4 Qb5
23.Rxf7+ Kb8 24.Re6 Rd8 25.Qe4 Bc7 26.g3  1-0

[Event "Linares Anibal op"]
[Site "Linares"]
[Date "1999.01.09"]
[Round "2"]
[White "Kalantarian, Norik"]
[Black "Sokolov, Andrei"]
[Result "0-1"]
[WhiteElo "2415"]
[BlackElo "2565"]

1.d4 Nf6 2.c4 e6 3.Nf3 b6 4.Nc3 Bb7 5.Bg5 h6 6.Bh4 g5 7.Bg3 Nh5 8.e3 Nxg3
9.hxg3 Bg7 10.Qc2 g4 11.Nh4 Nc6 12.O-O-O Qg5 13.Kb1 O-O-O 14.a3 Kb8 15.Bd3 Ne7
16.Qa4 c5 17.Nb5 Nc8 18.dxc5 Qxc5 19.Rc1 a6 20.Nc3 Nd6 21.Rhd1 Rc8 22.Be2 Bxc3
23.bxc3 Ne4 24.Qb4 Rhd8 25.Qxc5 Rxc5 26.Kb2 Nxf2 27.Rf1 Ne4 28.Rxf7 h5 29.Bd3 Nxg3
30.Rf4 d5 31.cxd5 Rcxd5 32.Rd4 e5 33.Rxd5 Rxd5 34.Kc2 Rd6 35.e4 Nxe4 36.Re1 Nc5
37.Bg6 e4 38.g3 Bc6 39.Bxh5 Ba4+ 40.Kb1 Rd2 41.Bf7 Rf2 42.Bd5 Bc2+ 43.Ka1 Kc7  0-1